Entry Personal Name
Number of records used in: 1
001 - CONTROL NUMBER
003 - CONTROL NUMBER IDENTIFIER
005 - DATE AND TIME OF LATEST TRANSACTION
- control field:
20230818152731.0
008 - FIXED-LENGTH DATA ELEMENTS
- fixed length control field:
840221n| azannaab |n aaa
010 ## - LIBRARY OF CONGRESS CONTROL NUMBER
- LC control number:
n 82271858
040 ## - CATALOGING SOURCE
- Original cataloging agency:
DLC
- Language of cataloging:
eng
- Description conventions:
rda
- Transcribing agency:
DLC
- Modifying agency:
DLC
046 ## - SPECIAL CODED DATES
100 1# - HEADING--PERSONAL NAME
- Personal name:
Gido, Jack,
- Dates associated with a name:
1945-
670 ## - SOURCE DATA FOUND
- Source citation:
His An introduction to project planning, 1984, c1974:
- Information found:
CIP t.p. (Jack Gido) data sheet (b. 12/11/45)